Syntéza kompozitných biomateriálov na báze biopolymérov a hydroxyapatitu

Saved in:
Bibliographic Details
Main Author: Vitkovič, Martin
Format: Book
Language:Slovak
Published: Bratislava STU FCHPT 2009
Online Access:View in OPAC
Tags: Add Tag
No Tags, Be the first to tag this record!

MARC

LEADER 00000nam a2200000 a 4500
005 20260127134211.0
008 110224 2009 xo 000 0 slo d
035 |a vtls010239196 
039 9 |y 201102241136  |z mschk03 
040 |a STUSCHK1  |b slo  |c STUSCHK1  |e AACR2 
100 1 |a Vitkovič, Martin 
245 1 |a Syntéza kompozitných biomateriálov na báze biopolymérov a hydroxyapatitu  |c Martin Vitkovič 
260 |a Bratislava  |b STU FCHPT  |c 2009 
300 |a 67 s.  |b il.  |c 30 cm 
500 |a Dizertačná práca 
500 |a Obháj.: 21.9. 2009 
500 |a Fakulta chemickej a potravinárskej technológie, Odd. keramiky, skla a cementu 
500 |a Študijný program: Anorganická technológia a materiály 
500 |a Študijný odbor: 5.2.19 Anorganická technológia a materiály 
910 |a SCHK95 
999 |c 6504  |d 6504